Les départements avec le moins de radars - Statistiques

Statistiques générales
  • Ce quiz a été pris 25 fois
  • Le résultat moyen est 18 sur 42
Statistiques - réponses
Réponse Nombre de radars % Correct
9 Creuse 14
71%
5 Finistère 2,16
71%
13 Loire 2,98
71%
1 Mayotte 0
67%
1 Mayotte 0
67%
8 La Réunion 2,50
63%
- Haute-Corse 11
58%
3 Corse-du-Sud 8
54%
- Guyane 8
54%
10 Guyane 2,77
54%
2 Lozère 7
54%
2 Paris 1,66
54%
- Ardèche 18
50%
- Aude 18
50%
6 Lot 11
50%
5 Aveyron 9
46%
18 Aveyron 3,22
46%
15 Cantal 16
46%
17 Bas-Rhin 3,20
42%
15 Gironde 3,04
42%
14 Hautes-Alpes 15
42%
- Hautes-Pyrénées 14
42%
14 Pas-de-Calais 3,01
42%
8 Territoire de Belfort 13
42%
- Allier 18
38%
17 Jura 18
38%
- Mayenne 18
38%
3 Seine-Saint-Denis 1,72
38%
- Alpes-de-Haute-Provence 16
33%
- Ardennes 18
33%
11 Isère 2,79
33%
20 Meurthe-et-Moselle 3,41
33%
- Meuse 14
33%
9 Seine-Maritime 2,62
33%
4 Val-de-Marne 1,83
33%
19 Calvados 3,26
29%
6 Seine-et-Marne 2,27
29%
- Ariège 14
25%
16 Loire-Atlantique 3,19
25%
- Nièvre 14
25%
7 Rhône 2,36
25%
12 Hauts-de-Seine 2,79
21%
Aucun quiz correspondant
Distribution des résultats
% des personnes avec chaque résultat
Percentile par nombre de réponses
Votre historique - résultats
Vous n’avez pas pris ce quiz